| 000 | 00367nam a2200097Ia 4500 | ||
|---|---|---|---|
| 008 | 180130s9999 xx 000 0 und d | ||
| 245 |
_cCombs, Paul W. _aReal world project management: do as I say, not as they teach |
||
| 260 | _c2015 | ||
| 300 | _aBook title: Industrial project management--Acession number C20535; pages 33-46 | ||
| 650 | _aPROJECT MANAGEMENT--INDUSTRIAL | ||
| 999 |
_c354236 _d354236 |
||